La clínica y el laboratorio (Registro nro. 5866)

Detalles MARC
000 -CABECERA
campo de control de longitud fija 00793nam a2200217 a 4500
001 - NÚMERO DE CONTROL
campo de control ES-MaREB00000105-2
003 - IDENTIFICADOR DEL NÚMERO DE CONTROL
campo de control ES-MaREB
005 - FECHA Y HORA DE LA ÚLTIMA TRANSACCIÓN
campo de control 20240521122206.0
008 - DATOS DE LONGITUD FIJA--INFORMACIÓN GENERAL
campo de control de longitud fija 020226s1997 esp 1 spa d
020 ## - NÚMERO INTERNACIONAL ESTÁNDAR DEL LIBRO
Número Internacional Estándar del Libro 844580538X
040 ## - FUENTE DE LA CATALOGACIÓN
Centro catalogador/agencia de origen CO-BP
Centro/agencia transcriptor AR-RoIUNI
080 ## - NÚMERO DE LA CLASIFICACIÓN DECIMAL UNIVERSAL
Número de la Clasificación Decimal Universal 616-074/-078(075.8)
100 1# - ENTRADA PRINCIPAL--NOMBRE DE PERSONA
Nombre de persona Balcells Gorina, A. (
Fechas asociadas al nombre 1915-2002)
245 13 - MENCIÓN DE TÍTULO
Título La clínica y el laboratorio
Resto del título : interpretación de análisis y pruebas funcionales, exploración de los síndromes, cuadro biológico de las enfermedades /
Mención de responsabilidad, etc. Alfonso Balcells Gorina ; prólogo de M. Soriano Jiménez.
250 ## - MENCIÓN DE EDICIÓN
Mención de edición 17ª ed.
260 ## - PUBLICACIÓN, DISTRIBUCIÓN, ETC. (PIE DE IMPRENTA)
Lugar de publicación, distribución, etc. Barcelona [etc.] :
Nombre del editor, distribuidor, etc. Masson,
Fecha de publicación, distribución, etc. 1997.
300 ## - DESCRIPCIÓN FÍSICA
Extensión XXXII, 694 p. ;
Dimensiones 22 cm.
500 ## - NOTA GENERAL
Nota general Índice.
650 #4 - PUNTO DE ACCESO ADICIONAL DE MATERIA--TÉRMINO DE MATERIA
Término de materia o nombre geográfico como elemento inicial Análisis clínicos
Subdivisión de forma Tratados, manuales, etc.
942 ## - ELEMENTOS DE PUNTO DE ACCESO ADICIONAL (KOHA)
Fuente del sistema de clasificación o colocación Clasificación Decimal Universal
Tipo de ítem Koha Libros
Existencias
Estado de retiro Estado de pérdida Fuente del sistema de clasificación o colocación Estado dañado Excepción de préstamo Código de colección Localización permanente Ubicación/localización actual Ubicación en estantería Fecha de adquisición Fuente de adquisición Número de inventario Total de préstamos Signatura topográfica completa Código de barras Fecha visto por última vez Precio válido a partir de Tipo de ítem Koha
    Clasificación Decimal Universal     Medicina BIBLIOTECA CENTRAL BIBLIOTECA CENTRAL BIBLIOTECA CENTRAL 21/05/2024 Donación 8418   616-074/-078(075.8) BAL 8418 21/05/2024 21/05/2024 Libros